Countries and Capitals of the World - Blind Typing - Statistics

General Stats
  • This quiz has been taken 66 times
  • The average score is 351 of 396
Answer Stats
Country/Capital % Correct
United States
100%
Albania
96%
Australia
96%
Austria
96%
Bangkok
96%
Beijing
96%
Belarus
96%
Belgium
96%
Berlin
96%
Bolivia
96%
Brazil
96%
Bulgaria
96%
Canada
96%
China
96%
Colombia
96%
Croatia
96%
Denmark
96%
Dominica
96%
Dublin
96%
Ecuador
96%
Finland
96%
France
96%
Germany
96%
Haiti
96%
Iceland
96%
India
96%
Indonesia
96%
Iran
96%
Iraq
96%
Israel
96%
Italy
96%
Jamaica
96%
Japan
96%
Jerusalem
96%
Kazakhstan
96%
Laos
96%
London
96%
Mexico
96%
Mexico City
96%
Mongolia
96%
Morocco
96%
Moscow
96%
New Delhi
96%
North Korea
96%
Norway
96%
Oman
96%
Ottawa
96%
Paris
96%
Peru
96%
Rome
96%
Russia
96%
Saint Lucia
96%
Saint Vincent and the Grenadines
96%
South Korea
96%
Sweden
96%
Switzerland
96%
Taiwan
96%
Thailand
96%
Tokyo
96%
United Kingdom
96%
Vietnam
96%
Washington D.C.
96%
Yemen
96%
Abu Dhabi
91%
Afghanistan
91%
Algeria
91%
Algiers
91%
Amsterdam
91%
Andorra
91%
Andorra la Vella
91%
Angola
91%
Ankara
91%
Antigua and Barbuda
91%
Argentina
91%
Armenia
91%
Azerbaijan
91%
Bahamas
91%
Bahrain
91%
Bangladesh
91%
Barbados
91%
Bhutan
91%
Bogotá
91%
Bosnia and Herzegovina
91%
Brasília
91%
Bratislava
91%
Budapest
91%
Buenos Aires
91%
Cameroon
91%
Cape Verde
91%
Central African Republic
91%
Chile
91%
Chișinău
91%
Comoros
91%
Copenhagen
91%
Costa Rica
91%
Cuba
91%
Cyprus
91%
Czech Republic
91%
Damascus
91%
Democratic Republic of the Congo
91%
Dhaka
91%
Djibouti
91%
Dominican Republic
91%
Dushanbe
91%
Egypt
91%
El Salvador
91%
Equatorial Guinea
91%
Eritrea
91%
Estonia
91%
Eswatini
91%
Gambia
91%
Georgetown
91%
Georgia
91%
Greece
91%
Guatemala
91%
Guatemala City
91%
Guinea
91%
Guinea-Bissau
91%
Guyana
91%
Hanoi
91%
Helsinki
91%
Honduras
91%
Hungary
91%
Ireland
91%
Islamabad
91%
Ivory Coast
91%
Jakarta
91%
Jordan
91%
Kabul
91%
Kenya
91%
Kosovo
91%
Kuala Lumpur
91%
Kuwait
91%
Kuwait City
91%
Kyrgyzstan
91%
La Paz
91%
Latvia
91%
Lesotho
91%
Libya
91%
Liechtenstein
91%
Lima
91%
Lisbon
91%
Lithuania
91%
Ljubljana
91%
Luxembourg
91%
Madagascar
91%
Malaysia
91%
Maldives
91%
Managua
91%
Mauritania
91%
Mauritius
91%
Minsk
91%
Moldova
91%
Montevideo
91%
Nassau
91%
Nepal
91%
Netherlands
91%
Nicaragua
91%
Nicosia
91%
Niger
91%
Nigeria
91%
Nur-Sultan
91%
Oslo
91%
Pakistan
91%
Palau
91%
Paramaribo
91%
Podgorica
91%
Poland
91%
Port-au-Prince
91%
Portugal
91%
Pristina
91%
Rabat
91%
Republic of the Congo
91%
Reykjavík
91%
Romania
91%
Rwanda
91%
Saint Kitts and Nevis
91%
San Salvador
91%
Saudi Arabia
91%
Senegal
91%
Seoul
91%
Sierra Leone
91%
Slovakia
91%
Slovenia
91%
Sofia
91%
South Africa
91%
Spain
91%
Sri Lanka
91%
Stockholm
91%
Suriname
91%
Syria
91%
Taipei
91%
Tajikistan
91%
Tbilisi
91%
Tehran
91%
Tirana
91%
Trinidad and Tobago
91%
Tunis
91%
Tunisia
91%
Turkey
91%
Turkmenistan
91%
Ulaanbaatar
91%
United Arab Emirates
91%
Vaduz
91%
Vatican City
91%
Vienna
91%
Vilnius
91%
Warsaw
91%
Yerevan
91%
Zagreb
91%
Zambia
91%
Zimbabwe
91%
Accra
87%
Amman
87%
Ashgabat
87%
Asmara
87%
Asunción
87%
Athens
87%
Baghdad
87%
Baku
87%
Basseterre
87%
Belgrade
87%
Belize
87%
Benin
87%
Bern
87%
Bishkek
87%
Bissau
87%
Botswana
87%
Brunei
87%
Brussels
87%
Bucharest
87%
Cairo
87%
Cambodia
87%
Cape Town
87%
Doha
87%
Ethiopia
87%
Federated States of Micronesia
87%
Fiji
87%
Freetown
87%
Gabon
87%
Ghana
87%
Kathmandu
87%
Kiev
87%
Kingston
87%
Kingstown
87%
Kinshasa
87%
Kiribati
87%
Lebanon
87%
Liberia
87%
Luanda
87%
Madrid
87%
Malé
87%
Mali
87%
Malta
87%
Manama
87%
Marshall Islands
87%
Monaco
87%
Montenegro
87%
Mozambique
87%
Myanmar
87%
Nairobi
87%
Namibia
87%
Nauru
87%
North Macedonia
87%
Panama
87%
Panama City
87%
Paraguay
87%
Phnom Penh
87%
Port Louis
87%
Port-of-Spain
87%
Prague
87%
Pyongyang
87%
Qatar
87%
Quito
87%
Riga
87%
Riyadh
87%
Saint John's
87%
Samoa
87%
Sana'a
87%
San José
87%
San Marino
87%
Santiago
87%
Santo Domingo
87%
Sarajevo
87%
Serbia
87%
Seychelles
87%
Skopje
87%
Solomon Islands
87%
South Sudan
87%
Sudan
87%
Tanzania
87%
Tegucigalpa
87%
Togo
87%
Tonga
87%
Tripoli
87%
Tuvalu
87%
Uganda
87%
Ukraine
87%
Uruguay
87%
Valletta
87%
Vanuatu
87%
Venezuela
87%
Vientiane
87%
Abuja
83%
Addis Ababa
83%
Antananarivo
83%
Apia
83%
Bangui
83%
Banjul
83%
Beirut
83%
Belmopan
83%
Brazzaville
83%
Bridgetown
83%
Burundi
83%
Canberra
83%
Caracas
83%
Castries
83%
Chad
83%
Conakry
83%
Dakar
83%
East Timor
83%
Gaborone
83%
Grenada
83%
Havana
83%
Honiara
83%
Juba
83%
Khartoum
83%
Lusaka
83%
Malabo
83%
Manila
83%
Maseru
83%
Mogadishu
83%
Monrovia
83%
Moroni
83%
Muscat
83%
Naypyidaw
83%
New Zealand
83%
Papua New Guinea
83%
Philippines
83%
Port Vila
83%
Praia
83%
Pretoria
83%
Roseau
83%
Saint George's
83%
Singapore
83%
Somalia
83%
South Tarawa
83%
Tallinn
83%
Uzbekistan
83%
Victoria
83%
Wellington
83%
Windhoek
83%
Yamoussoukro
83%
Yaoundé
83%
Yaren
83%
Burkina Faso
78%
Dili
78%
Dodoma
78%
Funafuti
78%
Gitega
78%
Harare
78%
Kigali
78%
Libreville
78%
Lilongwe
78%
Lomé
78%
Majuro
78%
Malawi
78%
Mbabane
78%
Ngerulmud
78%
Niamey
78%
Nouakchott
78%
Nukuʻalofa
78%
Port Moresby
78%
Porto-Novo
78%
São Tomé
78%
São Tomé and Príncipe
78%
Sri Jayawardenapura Kotte
78%
Suva
78%
Tashkent
78%
Thimphu
78%
Bamako
74%
Bandar Seri Begawan
74%
Bloemfontein
74%
Kampala
74%
N'Djamena
74%
Palikir
74%
Sucre
74%
Cotonou
70%
Maputo
70%
Ouagadougou
70%
No matching quizzes found
Score Distribution
Percent of People with Each Score
Percentile by Number Answered
Your Score History
You have not taken this quiz